Normal view
MARC view
- Mohsin Khan
Entry Personal Name
001 - CONTROL NUMBER
- control field: 6874
003 - CONTROL NUMBER IDENTIFIER
- control field: NUST
005 - DATE AND TIME OF LATEST TRANSACTION
- control field: 20171203184025.0
008 - FIXED-LENGTH DATA ELEMENTS
- fixed length control field: 171203|| aca||aabn | a|a d
040 ## - CATALOGING SOURCE
- Original cataloging agency: NUST
- Transcribing agency: NUST
100 ## - HEADING--PERSONAL NAME
- Personal name: Mohsin Khan
670 ## - SOURCE DATA FOUND
- Source citation: Work cat.: (NUST): Mohsin Khan, Designing a robust controller for twin rotor system (TRS), 2017
